<?xml version="1.0" encoding="UTF-8"?>
<record
    xmlns:xsi="http://www.w3.org/2001/XMLSchema-instance"
    xsi:schemaLocation="http://www.loc.gov/MARC21/slim http://www.loc.gov/standards/marcxml/schema/MARC21slim.xsd"
    xmlns="http://www.loc.gov/MARC21/slim">

  <leader>00791naa a22001577i 4500</leader>
  <controlfield tag="001">10398</controlfield>
  <controlfield tag="003">KOSZ 005</controlfield>
  <controlfield tag="005">20180421101307.0</controlfield>
  <controlfield tag="008">180421s2003    pl  |||f| ||||0|| 0 pol  </controlfield>
  <datafield tag="040" ind1=" " ind2=" ">
    <subfield code="c">KOSZ 005/HR</subfield>
    <subfield code="a">KOSZ 005/HR</subfield>
  </datafield>
  <datafield tag="041" ind1="0" ind2=" ">
    <subfield code="a">pol</subfield>
  </datafield>
  <datafield tag="100" ind1=" " ind2=" ">
    <subfield code="a">DELUGA, W&#x142;odzimierz.</subfield>
    <subfield code="d">1993 - .</subfield>
    <subfield code="b">Politechnika Koszali&#x144;ska - Wydzia&#x142; Ekonomii i Zarz&#x105;dzania,</subfield>
    <subfield code="c">Katedra Marketingu i Bada&#x144; Rynkowych</subfield>
  </datafield>
  <datafield tag="245" ind1=" " ind2=" ">
    <subfield code="a">Analiza &#x17A;r&#xF3;de&#x142; przychod&#xF3;w spo&#x142;ecze&#x144;stwa polskiego w latach 1996-2000 /</subfield>
    <subfield code="c">W&#x142;odzimierz Deluga, Jaros&#x142;aw &#x17B;uchowski.</subfield>
  </datafield>
  <datafield tag="773" ind1="0" ind2=" ">
    <subfield code="i">W :</subfield>
    <subfield code="t">Formy finansowego wspomagania lokalnej przedsi&#x119;biorczo&#x15B;ci : praca zbiorowa / pod red. Jana Sobiecha i Danuty Zawadzkiej. - </subfield>
    <subfield code="d">Koszalin : Wydaw. Uczelniane Politechniki Koszali&#x144;skiej, 2003. -</subfield>
    <subfield code="g">s. 25-31</subfield>
    <subfield code="z">8373650474</subfield>
  </datafield>
  <datafield tag="942" ind1=" " ind2=" ">
    <subfield code="c">ROZ</subfield>
    <subfield code="2">UKD</subfield>
  </datafield>
  <datafield tag="999" ind1=" " ind2=" ">
    <subfield code="c">10398</subfield>
    <subfield code="d">10398</subfield>
  </datafield>
</record>
